000 00221nam a2200085Ia 4500
005 20250523150954.0
008 250523s9999 xx 000 0 und d
245 0 _aRuby Rogers Çıkar Beni Buradan!
_cSue Limb
260 _bALTIN
999 _c11899
_d11899